00433nam a22001577a 450000500170000001000150001702000260003203500130005803700130007108200100008410000260009424500580012026000330017827000430021130000210025420141013120452.0 aENG-110987 a9788184302127c200.00 aEN-94519 bDBAD/PUB a158.1 aSaxena, Surendra Nath aSay no to fear be a winner /cby Surendra Nath Saxena aNew DelhibOcean Booksc2013 a4/19, Asaf Ali RoadbNew Delhie110002 a160p. c22cm(Hb)